00981nam a2200205Ia 4500003000900000008004100009040001600050080002300066111010700089245029600196260004200492300001000534490007800544650004100622650002900663650002000692700002000712700002200732700002100754IN-BaIIA211028s9999 xx 000 0 eng d cIIA Library a524.31.08bSAAS-13 aAdvanced Course Astrophysical Procees in Upper Main Sequence Starsn13thcSwitzerlandd1983 Mar. 21-26 0aAstrophysical procees in upper main sequence starsbthirteenth advanced course of the Swiss Society for Astrophysics and Astronomy was held at from Saas-Fee, Switzerland, 21 to 26 March 1983cedited by A. N. Cox, Vauclair S. and Zahn. J.-P.  aSwitzerlandbGeneva Observatoryc1983 a329p. aSociety of the Swiss National Academy of Sciences advanced course; no. 13 aAstronomy and astrophysics thesaurus aIntrinsic variable stars aVariables stars aCox, A. N., ed. aVauclair, S., ed. aZahn. J.-P., ed.